000 00552nam a2200169 i 4500
001 161091
003 ES-MaACL
005 20250704063121.0
008 940301s1893 sp |||| | spa d
040 _aAS
_bspa
100 1 _aOrti y Brull, Vicente,
_d-1897
_9130712
245 1 3 _aLa cuestión monetaria /
_cpor Vicente Ortí y Brull.
260 _aMadrid :
_b[s.n.],
_c1893 (
_fImprenta y Litografía de los Huérfanos)
300 _a374 p., [1] h. de lám. ;
_c18 cm.
852 _aES-MaACL
_jD-5046
_z-- Rúst.
999 _c161091
_d161091